00505nam a2200193 a 4500001001300000003000900013005001700022008004100039020001000080082001800090100002800108245002700136260003300163300000900196500003500205505001600240650002700256700002800283nice12345678IN_TiNIC20260116011331.0050524s1367 egya grp 000 0 ara  ac10000a297.297bABDA aAbdahu, Shaikh Mohammad aAl Islam Wal Nisraniah aEgyptbMaktaba-E-ilmiac1367 a260p aincludes index and biblioraphy2 aIndex, 145p aIslam-Apologetic Works1 aAbdahu, Shaikh Mohammad